[Event "Tamil Nadu State-ch 54th"]
[Site "Chennai"]
[Date "2006.05.30"]
[Round "11"]
[White "Muthu, Alagappan M"]
[Black "Ashwin, Jayaram"]
[Result "0-1"]
[WhiteElo "2027"]
[BlackElo "2253"]
[PlyCount "94"]
[EventDate "2006.05.20"]
[EventType "swiss"]
[EventRounds "11"]
[EventCountry "IND"]
[SourceTitle "EXT 2010"]
[Source "ChessBase"]
[SourceDate "2010.11.25"]
[SourceVersion "1"]
[SourceVersionDate "2010.11.25"]
[SourceQuality "1"]

1. d4 Nf6 2. Nf3 g6 3. Bf4 Bg7 4. e3 0-0 5. h3 d6 6. Be2 Nfd7 7. Nbd2 e5 8. Bg5 Qe8 9. 0-0 Nc6 10. c3 h6 11. Bh4 f5 12. Bg3 g5 13. Ne1 Nf6 14. Bc4+ Kh8 15. f4 gxf4 16. exf4 exd4 17. cxd4 Nxd4 18. Nef3 Ne4 19. Nxe4 Nxf3+ 20. Qxf3 fxe4 21. Qe2 Qg6 22. Kh2 c6 23. Bh4 d5 24. Bb3 Qd6 25. g4 Rxf4 26. Bg3 Rxf1 27. Bxd6 Rxa1 28. g5 Kh7 29. gxh6 Bd4 30. Bxd5 cxd5 31. Qb5 Bg1+ 32. Kg3 Rd1 33. Qe8 Rd3+ 34. Kh4 Rxh3+ 35. Kg5 Be3+ 36. Bf4 Rg3+ 37. Kh4 Rh3+ 38. Kg5 Rg3+ 39. Kh4 Rg4+ 40. Kh5 Rg7 41. Qe5 Bg4+ 42. Kh4 Bf2+ 43. Bg3 Bxg3+ 44. Qxg3 Kxh6 45. b4 Rh8 46. Qd6+ Rg6 47. Qe7 Bc8 0-1

[Event "Chennai WinTV op 1st"]
[Site "Chennai"]
[Date "2004.01.27"]
[Round "7"]
[White "Muthu, Alagappan M"]
[Black "Wijesurija, G Laxman"]
[Result "0-1"]
[WhiteElo "2027"]
[BlackElo "2191"]
[PlyCount "98"]
[EventDate "2004.01.21"]
[EventType "swiss"]
[EventRounds "13"]
[EventCountry "IND"]
[SourceTitle "CBM 098 Extra"]
[Source "ChessBase"]
[SourceDate "2004.03.10"]
[SourceVersion "2"]
[SourceVersionDate "2004.03.10"]
[SourceQuality "1"]

1. e4 g6 2. d4 Bg7 3. Nf3 d6 4. Nc3 Nf6 5. Bc4 a6 6. 0-0 0-0 7. Bg5 h6 8. Bh4 b5 9. Bd3 c5 10. dxc5 dxc5 11. e5 Nh5 12. Be4 Ra7 13. Nd5 Nc6 14. Qe2 Qe8 15. h3 f5 16. exf6 exf6 17. Nc3 Kh8 18. Rfe1 f5 19. Bxc6 Qxc6 20. Qe3 f4 21. Qe2 Kh7 22. Ne4 Bf5 23. Nfd2 Bxb2 24. Rab1 Bd4 25. Qf3 Qc7 26. c3 Bg7 27. Rbd1 Raa8 28. Nb3 Bxe4 29. Rxe4 Rae8 30. Rde1 Rxe4 31. Rxe4 Qc6 32. Nd2 Qd5 33. Nf1 g5 34. Bxg5 Qxg5 35. Nh2 Qf5 36. Ng4 Nf6 37. Rxf4 Qb1+ 38. Kh2 Nxg4+ 39. Qxg4 Be5 40. Qd7+ Kh8 41. g3 Bxf4 42. gxf4 Qf5 43. Qxf5 Rxf5 44. Kg3 h5 45. Kf3 Kg7 46. Ke4 Kf6 47. h4 a5 48. a3 a4 49. Kd3 Rxf4 0-1

[Event "Chennai WinTV op 1st"]
[Site "Chennai"]
[Date "2004.01.24"]
[Round "5"]
[White "Muthu, Alagappan M"]
[Black "Nasir Ali, Syed"]
[Result "1/2-1/2"]
[WhiteElo "2027"]
[BlackElo "2190"]
[PlyCount "61"]
[EventDate "2004.01.21"]
[EventType "swiss"]
[EventRounds "13"]
[EventCountry "IND"]
[SourceTitle "CBM 098 Extra"]
[Source "ChessBase"]
[SourceDate "2004.03.10"]
[SourceVersion "2"]
[SourceVersionDate "2004.03.10"]
[SourceQuality "1"]

1. e4 c5 2. d4 cxd4 3. c3 dxc3 4. Nxc3 Nc6 5. Bc4 d6 6. Nf3 e6 7. 0-0 Nf6 8. Qe2 a6 9. Rd1 Qc7 10. Bf4 Ne5 11. Nxe5 dxe5 12. Be3 Bd7 13. Rac1 Be7 14. Bb3 Bc6 15. Nd5 exd5 16. exd5 Nxd5 17. Bxd5 0-0 18. Qc2 Rac8 19. Be4 h6 20. h3 Qa5 21. Bxc6 Rxc6 22. Qb3 Rxc1 23. Rxc1 Bg5 24. Bxg5 hxg5 25. Qxb7 Qxa2 26. Rc8 Qa5 27. Rxf8+ Kxf8 28. Qc8+ Ke7 29. Qb7+ Kf6 30. Qc6+ Ke7 31. Qb7+ 1/2-1/2